A Thin Ghost and Others (Record no. 12204)

MARC details
000 -LEADER
fixed length control field 00361nam a22001577a 4500
003 - CONTROL NUMBER IDENTIFIER
control field OSt
008 - FIXED-LENGTH DATA ELEMENTS--GENERAL INFORMATION
fixed length control field 240127b |||||||| |||| 00| 0 eng d
020 ## - INTERNATIONAL STANDARD BOOK NUMBER
International Standard Book Number 9789353420901
082 ## - DEWEY DECIMAL CLASSIFICATION NUMBER
Classification number 823.9
Item number JAT
100 ## - MAIN ENTRY--PERSONAL NAME
Personal name JAMES,Montague Rhodes
245 ## - TITLE STATEMENT
Title A Thin Ghost and Others
250 ## - EDITION STATEMENT
Edition statement 3rd Imp
260 ## - PUBLICATION, DISTRIBUTION, ETC. (IMPRINT)
Name of publisher, distributor, etc Lector House
Date of publication, distribution, etc 1920
300 ## - PHYSICAL DESCRIPTION
Extent 52
942 ## - ADDED ENTRY ELEMENTS (KOHA)
Source of classification or shelving scheme Dewey Decimal Classification
Koha item type Text Books
Holdings
Withdrawn status Lost status Source of classification or shelving scheme Damaged status Not for loan Collection code Home library Current library Date acquired Source of acquisition Currency Cost, normal purchase price Bill Number Total Checkouts Full call number Acc. no. / Barcode Date last seen Actual Cost, discounted price Bill Date Koha item type
    Dewey Decimal Classification     GENERAL PIET C-LIBRARY PIET C-LIBRARY 13/01/2024 Zafaa Books and Distributors In rupees 245.00 ZBD0321   823.9 JAT 35422 27/01/2024 183.75 13/01/2024 Reference Books
    Dewey Decimal Classification     GENERAL PIET C-LIBRARY PIET C-LIBRARY 13/01/2024 Zafaa Books and Distributors In rupees 245.00 ZBD0321   823.9 JAT 35423 27/01/2024 183.75 13/01/2024 Text Books

Design & Developed by: PIET Central Library
R70 Miles Stone Pattikalyana Samalkha Panipat 132102
mail ID :- [email protected], Phone No:- 0180-2569700 Ex.216